Normal view
MARC view
Entry Personal Name
001 - CONTROL NUMBER
- control field: 20107
003 - CONTROL NUMBER IDENTIFIER
- control field: AE-DuALZ
005 - DATE AND TIME OF LATEST TRANSACTION
- control field: 20250623124011.0
008 - FIXED-LENGTH DATA ELEMENTS
- fixed length control field: 250623|| aca||aabn | a|a d
040 ## - CATALOGING SOURCE
- Original cataloging agency: AE-DuALZ
- Transcribing agency: AE-DuALZ
100 ## - HEADING--PERSONAL NAME
- Personal name: Braverman, Irus,
- Dates associated with a name: 1970-
670 ## - SOURCE DATA FOUND
- Source citation: Work cat.: (AE-DuALZ)9807: Braverman, Irus, 1970- author., Settling Nature :